| 000 | 00770nam a2200241 a 4500 | ||
|---|---|---|---|
| 008 | |||
| 020 | _a185312074X (cased) | ||
| 049 | _aMAIN | ||
| 090 | _aT385 | ||
| 245 | 0 | 0 |
_aComputer graphics for engineers and architects / _cby A.J. Ferrante ... [et al.] |
| 260 |
_aAmsterdam : _bElsevier: Co-published with Computational Mechanics Pub., _c1991. |
||
| 300 |
_a282 p. : _bill. ; _c25 cm. |
||
| 650 | 0 |
_aEngineering design _xData processing. |
|
| 650 | 0 | _aComputer-aided design. | |
| 650 | 0 | _aComputer graphics. | |
| 650 | 0 |
_aArchitecture _xData processing. |
|
| 700 | 1 | 0 | _aFerrante, A. J. |
| 907 |
_a.b10116448 _b03-10-17 _c01-04-04 |
||
| 003 | |||
| 005 | 20230123133650.0 | ||
| 040 | _cNUST | ||
| 942 |
_cBOOKS _kT385 |
||
| 999 |
_c152531 _d152531 |
||